Manuṣyōlpatti / (Record no. 80849)

MARC details
000 -LEADER
fixed length control field 00873cam a22002771a 4500
001 - CONTROL NUMBER
control field sa 68005653
003 - CONTROL NUMBER IDENTIFIER
control field DLC
005 - DATE AND TIME OF LATEST TRANSACTION
control field 20260227112510.0
008 - FIXED-LENGTH DATA ELEMENTS--GENERAL INFORMATION
fixed length control field 950130s1964 ii 000 0 malo
010 ## - LIBRARY OF CONGRESS CONTROL NUMBER
LC control number sa 68005653
025 ## - OVERSEAS ACQUISITION NUMBER
Overseas acquisition number PL480:I-Mal-796
035 ## - SYSTEM CONTROL NUMBER
System control number (OCoLC)31906100
040 ## - CATALOGING SOURCE
Original cataloging agency DLC
Transcribing agency ICRL
Modifying agency DLC
050 00 - LIBRARY OF CONGRESS CALL NUMBER
Classification number QH368
Item number .B323
100 1# - MAIN ENTRY--PERSONAL NAME
Personal name Bālar̲ām, En. I.,
Dates associated with a name 1919-
245 10 - TITLE STATEMENT
Title Manuṣyōlpatti /
Statement of responsibility, etc. En.I. Bālar̲āṃ.
260 ## - PUBLICATION, DISTRIBUTION, ETC.
Place of publication, distribution, etc. Tiruvanantapuraṃ :
Name of publisher, distributor, etc. Pr̲abhāt Buukkȧ haus,
Date of publication, distribution, etc. [1964]
300 ## - PHYSICAL DESCRIPTION
Extent iii, 139, [2] p. ;
Dimensions 18 cm.
500 ## - GENERAL NOTE
General note Title on added t.p.: Manushyolpathi.
504 ## - BIBLIOGRAPHY, ETC. NOTE
Bibliography, etc. note Includes bibliographical references (p. [141]).
500 ## - GENERAL NOTE
General note In Malayalam.
520 ## - SUMMARY, ETC.
Summary, etc. Archeological essays on the history of human evolution.
650 #0 - SUBJECT ADDED ENTRY--TOPICAL TERM
Topical term or geographic name entry element Human beings
General subdivision Origin
-- History.
650 #0 - SUBJECT ADDED ENTRY--TOPICAL TERM
Topical term or geographic name entry element Archaeology.
740 0# - ADDED ENTRY--UNCONTROLLED RELATED/ANALYTICAL TITLE
Uncontrolled related/analytical title Manushyolpathi.

No items available.

Powered by Koha